[Event "Torneo Benidorm Gran Hotel Bali 2022"]
[Site "Benidorm, Spain"]
[Date "2022.12.09"]
[Round "8.9"]
[White "Sos Andreu, Eric"]
[Black "Galvan Cipriani, Viviana"]
[Result "1-0"]
[WhiteElo "2364"]
[BlackElo "2088"]
[PlyCount "101"]
[EventDate "2022.12.03"]
[EventType "swiss"]
[EventRounds "9"]
[SourceTitle "Ajedrez en Madrid"]
[Source "lmi"]
[SourceDate "2022.12.03"]
[SourceVersion "1"]
[SourceVersionDate "2022.12.10"]
[SourceQuality "1"]
[TimeControl "90+30"]
[WhiteClock "0:01:38"]
[BlackClock "0:00:32"]

1. d4 {[%emt 0:00:00]} Nf6 {[%emt 0:00:00]} 2. c4 {[%emt 0:00:00]} e6 {[%emt 0:00:00]} 3. Nf3 {[%emt 0:00:00]} d5 {[%emt 0:00:00]} 4. g3 {[%emt 0:00:00]} Bb4+ {[%emt 0:00:00]} 5. Bd2 {[%emt 0:00:00]} Be7 {[%emt 0:00:00]} 6. Bg2 {[%emt 0:00:00]} O-O {[%emt 0:00:00]} 7. O-O {[%emt 0:00:00]} c6 {[%emt 0:00:00]} 8. Qc2 {[%emt 0:00:00]} Ne4 {[%emt 0:00:00]} 9. Bc1 {[%emt 0:00:00]} Nd7 {[%emt 0:00:00]} 10. Nc3 {[%emt 0:00:00]} f5 {[%emt 0:00:00]} 11. Rb1 {[%emt 0:00:00]} Nd6 {[%emt 0:00:00]} 12. c5 {[%emt 0:00:00]} Ne4 {[%emt 0:00:00]} 13. b4 {[%emt 0:00:00]} Bf6 {[%emt 0:00:00]} 14. Bb2 {[%emt 0:00:00]} g5 {[%emt 0:00:00]} 15. Nxe4 {[%emt 0:00:00]} fxe4 {[%emt 0:00:00]} 16. Ne5 {[%emt 0:00:00]} Qc7 {[%emt 0:00:00]} 17. Nxd7 {[%emt 0:00:00]} Bxd7 {[%emt 0:00:00]} 18. f3 {[%emt 0:00:00]} exf3 {[%emt 0:00:00]} 19. Rxf3 {[%emt 0:00:00]} Be8 {[%emt 0:00:00]} 20. Rbf1 {[%emt 0:00:00]} Bg6 {[%emt 0:00:00]} 21. Qd2 {[%emt 0:00:00]} Qg7 {[%emt 0:00:00]} 22. R3f2 {[%emt 0:00:00]} Rae8 {[%emt 0:00:00]} 23. a4 {[%emt 0:00:00]} Bf5 {[%emt 0:00:00]} 24. e3 {[%emt 0:00:00]} Qg6 {[%emt 0:00:00]} 25. b5 {[%emt 0:00:00]} Kg7 {[%emt 0:00:00]} 26. Qa5 {[%emt 0:00:00]} Bd3 {[%emt 0:00:00]} 27. Rd1 {[%emt 0:00:00]} Rf7 {[%emt 0:00:00]} 28. Qxa7 {[%emt 0:00:00]} cxb5 {[%emt 0:04:07]} 29. axb5 {[%emt 0:00:00]} Bxb5 {[%emt 0:00:00]} 30. Bc3 {[%emt 0:00:00]} g4 {[%emt 0:00:00]} 31. Rb2 {[%emt 0:00:00]} Bc6 {[%emt 0:00:00]} 32. Qa3 {[%emt 0:00:00]} Qh6 {[%emt 0:01:12]} 33. Re1 {[%emt 0:00:00]} e5 {[%emt 0:01:25]} 34. dxe5 {[%emt 0:00:00]} Bxe5 {[%emt 0:00:08]} 35. Bxe5+ {[%emt 0:00:00]} Rxe5 {[%emt 0:00:04]} 36. Qc3 {[%emt 0:02:51]} Qf6 {[%emt 0:02:34]} 37. Qd4 {[%emt 0:00:50]} Qg5 {[%emt 0:00:56]} 38. Rf2 {[%emt 0:02:08]} Rxf2 39. Kxf2 {[%emt 0:00:29]} Kf7 {[%emt 0:01:58]} 40. Kg1 {[%emt 0:01:24]} Kg6 {[%emt 0:01:52]} 41. Bf1 {[%emt 0:01:08]} Kg7 {[%emt 0:04:58]} 42. Bd3 {[%emt 0:00:40]} Kg8 {[%emt 0:00:10]} 43. Re2 {[%emt 0:04:51]} Re7 {[%emt 0:01:17]} 44. Rf2 {[%emt 0:03:47]} Qg7 {[%emt 0:01:45]} 45. Qf4 {[%emt 0:01:11]} h5 {[%emt 0:00:35]} 46. Bg6 {[%emt 0:01:16]} Be8 {[%emt 0:00:42]} 47. Bd3 {[%emt 0:01:25]} Rf7 {[%emt 0:00:43]} 48. Qd4 {[%emt 0:01:16]} Rxf2 {[%emt 0:00:22]} 49. Kxf2 {[%emt 0:00:21]} Qf7+ {[%emt 0:00:26]} 50. Ke1 {[%emt 0:00:41]} Qf3 {[%emt 0:00:44]} 51. Kd2 {[%emt 0:01:04]} 1-0

[Event "Torneo Benidorm Gran Hotel Bali 2022"]
[Site "Benidorm, Spain"]
[Date "2022.12.10"]
[Round "9.1"]
[White "Aditya, Varun Gampa"]
[Black "Davtyan, David Arm."]
[Result "1/2-1/2"]
[WhiteElo "2249"]
[BlackElo "2329"]
[PlyCount "43"]
[EventDate "2022.12.03"]
[EventType "swiss"]
[EventRounds "9"]
[SourceTitle "Ajedrez en Madrid"]
[Source "lmi"]
[SourceDate "2022.12.03"]
[SourceVersion "1"]
[SourceVersionDate "2022.12.10"]
[SourceQuality "1"]
[TimeControl "90+30"]
[WhiteClock "0:46:08"]
[BlackClock "1:08:51"]

1. e4 {[%emt 0:00:00]} e6 {[%emt 0:00:00]} 2. d4 {[%emt 0:00:00]} d5 {[%emt 0:00:00]} 3. Bd3 {[%emt 0:00:00]} dxe4 {[%emt 0:00:00]} 4. Bxe4 {[%emt 0:00:00]} Nf6 {[%emt 0:00:00]} 5. Bf3 {[%emt 0:00:00]} c5 {[%emt 0:00:00]} 6. Ne2 {[%emt 0:00:00]} Nc6 {[%emt 0:00:00]} 7. Be3 {[%emt 0:00:00]} cxd4 {[%emt 0:00:00]} 8. Nxd4 {[%emt 0:00:00]} Ne5 {[%emt 0:00:00]} 9. Nc3 {[%emt 0:00:00]} a6 {[%emt 0:00:00]} 10. Qe2 {[%emt 0:00:00]} Nxf3+ {[%emt 0:00:00]} 11. gxf3 {[%emt 0:00:00]} Nd5 {[%emt 0:00:00]} 12. Nxd5 {[%emt 0:00:00]} Qxd5 {[%emt 0:00:00]} 13. O-O-O {[%emt 0:00:00]} Bd7 {[%emt 0:00:00]} 14. Kb1 {[%emt 0:00:00]} Be7 {[%emt 0:00:00]} 15. Nb3 {[%emt 0:00:00]} Bb5 {[%emt 0:00:00]} 16. Qe1 {[%emt 0:00:00]} Qxf3 {[%emt 0:00:00]} 17. Rg1 {[%emt 0:00:00]} g6 {[%emt 0:00:00]} 18. Bd4 {[%emt 0:00:00]} Bf6 {[%emt 0:00:00]} 19. Bc5 {[%emt 0:00:00]} Qf5 {[%emt 0:00:00]} 20. Qb4 {[%emt 0:00:00]} Rc8 {[%emt 0:00:00]} 21. a4 {[%emt 0:00:00]} b6 {[%emt 0:00:00]} 22. axb5 {[%emt 0:00:00]} 1/2-1/2

[Event "Torneo Benidorm Gran Hotel Bali 2022"]
[Site "Benidorm, Spain"]
[Date "2022.12.10"]
[Round "9.2"]
[White "Korneev, Oleg"]
[Black "Kovacevic, Slobodan"]
[Result "1-0"]
[WhiteElo "2481"]
[BlackElo "2224"]
[PlyCount "89"]
[EventDate "2022.12.03"]
[EventType "swiss"]
[EventRounds "9"]
[SourceTitle "Ajedrez en Madrid"]
[Source "lmi"]
[SourceDate "2022.12.03"]
[SourceVersion "1"]
[SourceVersionDate "2022.12.10"]
[SourceQuality "1"]
[TimeControl "90+30"]
[WhiteClock "0:09:51"]
[BlackClock "0:09:59"]

1. e4 {[%emt 0:00:00]} c5 {[%emt 0:00:00]} 2. Nf3 {[%emt 0:00:00]} e6 {[%emt 0:00:00]} 3. c3 {[%emt 0:00:00]} Nc6 {[%emt 0:00:00]} 4. d4 {[%emt 0:00:00]} d5 {[%emt 0:00:00]} 5. exd5 {[%emt 0:00:00]} exd5 {[%emt 0:00:00]} 6. Bd3 {[%emt 0:00:00]} Bd6 {[%emt 0:00:00]} 7. dxc5 {[%emt 0:00:00]} Bxc5 {[%emt 0:00:00]} 8. O-O {[%emt 0:00:00]} Nge7 {[%emt 0:00:00]} 9. Nbd2 {[%emt 0:00:00]} O-O {[%emt 0:00:00]} 10. Nb3 {[%emt 0:00:00]} Bb6 {[%emt 0:00:00]} 11. Re1 {[%emt 0:00:00]} Nf5 {[%emt 0:00:00]} 12. Qc2 {[%emt 0:00:00]} g6 {[%emt 0:00:00]} 13. Bf4 {[%emt 0:00:00]} Be6 {[%emt 0:00:00]} 14. Rad1 {[%emt 0:00:00]} Nh4 {[%emt 0:00:00]} 15. Nxh4 {[%emt 0:00:00]} Qxh4 {[%emt 0:00:00]} 16. Qd2 {[%emt 0:00:00]} Rfe8 {[%emt 0:00:00]} 17. h3 {[%emt 0:00:00]} Rac8 {[%emt 0:00:00]} 18. Re2 {[%emt 0:00:00]} Bd7 {[%emt 0:00:00]} 19. Rxe8+ {[%emt 0:00:00]} Rxe8 {[%emt 0:00:00]} 20. Bf1 {[%emt 0:00:00]} Be6 {[%emt 0:00:00]} 21. Re1 {[%emt 0:00:00]} Qd8 {[%emt 0:00:00]} 22. Be3 {[%emt 0:00:00]} d4 {[%emt 0:00:49]} 23. Nxd4 {[%emt 0:00:00]} Nxd4 {[%emt 0:00:44]} 24. Bxd4 {[%emt 0:00:00]} Bxd4 {[%emt 0:00:40]} 25. cxd4 {[%emt 0:00:00]} Bxa2 {[%emt 0:00:37]} 26. Rxe8+ {[%emt 0:00:00]} Qxe8 {[%emt 0:00:02]} 27. Qa5 {[%emt 0:00:00]} Qe6 {[%emt 0:00:30]} 28. Qxa7 {[%emt 0:00:00]} Bc4 {[%emt 0:02:01]} 29. Qxb7 {[%emt 0:00:00]} Bxf1 {[%emt 0:00:07]} 30. Qb8+ {[%emt 0:00:00]} Kg7 {[%emt 0:00:02]} 31. Kxf1 {[%emt 0:00:00]} Qc4+ {[%emt 0:00:11]} 32. Kg1 {[%emt 0:00:00]} Qxd4 {[%emt 0:00:18]} 33. Qb3 {[%emt 0:00:00]} f6 {[%emt 0:00:19]} 34. Qb7+ {[%emt 0:00:00]} Kh6 {[%emt 0:00:23]} 35. Qb3 {[%emt 0:00:00]} Kg7 {[%emt 0:00:17]} 36. g3 {[%emt 0:00:03]} g5 {[%emt 0:00:19]} 37. Qb7+ {[%emt 0:00:58]} Kg6 {[%emt 0:00:32]} 38. b4 {[%emt 0:00:06]} h5 {[%emt 0:02:21]} 39. b5 {[%emt 0:00:39]} Kf5 {[%emt 0:01:59]} 40. b6 {[%emt 0:00:32]} Ke6 {[%emt 0:00:34]} 41. Qc6+ {[%emt 0:04:02]} Qd6 {[%emt 0:00:28]} 42. Qxd6+ {[%emt 0:07:02]} Kxd6 {[%emt 0:00:01]} 43. Kg2 {[%emt 0:00:23]} Kc6 {[%emt 0:00:08]} 44. Kf3 {[%emt 0:00:04]} f5 {[%emt 0:00:09]} 45. h4 {[%emt 0:00:20]} 1-0

[Event "Torneo Benidorm Gran Hotel Bali 2022"]
[Site "Benidorm, Spain"]
[Date "2022.12.10"]
[Round "9.3"]
[White "Luque Saiz, Andres"]
[Black "Md, Imran"]
[Result "1-0"]
[WhiteElo "2286"]
[BlackElo "2279"]
[PlyCount "65"]
[EventDate "2022.12.03"]
[EventType "swiss"]
[EventRounds "9"]
[SourceTitle "Ajedrez en Madrid"]
[Source "lmi"]
[SourceDate "2022.12.03"]
[SourceVersion "1"]
[SourceVersionDate "2022.12.10"]
[SourceQuality "1"]
[TimeControl "90+30"]
[WhiteClock "0:13:46"]
[BlackClock "0:33:40"]

1. e4 {[%emt 0:00:00]} c5 {[%emt 0:00:00]} 2. Nf3 {[%emt 0:00:00]} Nc6 {[%emt 0:00:00]} 3. d4 {[%emt 0:00:00]} cxd4 {[%emt 0:00:00]} 4. Nxd4 {[%emt 0:00:00]} g6 {[%emt 0:00:00]} 5. c4 {[%emt 0:00:00]} Bg7 {[%emt 0:00:00]} 6. Be3 {[%emt 0:00:00]} Qb6 {[%emt 0:00:00]} 7. Nb3 {[%emt 0:00:00]} Qc7 {[%emt 0:00:00]} 8. Nc3 {[%emt 0:00:00]} Bxc3+ {[%emt 0:00:00]} 9. bxc3 {[%emt 0:00:00]} Nf6 {[%emt 0:00:00]} 10. f3 {[%emt 0:00:00]} O-O {[%emt 0:00:00]} 11. Be2 {[%emt 0:00:00]} d6 {[%emt 0:00:00]} 12. O-O {[%emt 0:00:00]} b6 {[%emt 0:00:00]} 13. a4 {[%emt 0:00:00]} Ne5 {[%emt 0:00:00]} 14. Nd2 {[%emt 0:00:00]} Be6 {[%emt 0:00:00]} 15. Bd4 {[%emt 0:00:00]} Nxc4 {[%emt 0:00:00]} 16. Rf2 {[%emt 0:00:00]} Nd7 {[%emt 0:00:00]} 17. f4 {[%emt 0:00:00]} Nxd2 {[%emt 0:00:00]} 18. Qxd2 {[%emt 0:00:00]} Bc4 {[%emt 0:00:00]} 19. f5 {[%emt 0:00:00]} e5 {[%emt 0:00:00]} 20. Be3 {[%emt 0:00:00]} Nf6 {[%emt 0:00:00]} 21. Bf3 {[%emt 0:00:00]} d5 {[%emt 0:00:00]} 22. exd5 {[%emt 0:00:00]} Qd6 {[%emt 0:00:00]} 23. Bg5 {[%emt 0:00:00]} Nd7 {[%emt 0:00:00]} 24. Be4 {[%emt 0:00:00]} Nc5 {[%emt 0:00:00]} 25. Qe3 {[%emt 0:00:05]} Nxe4 {[%emt 0:00:00]} 26. Qxe4 {[%emt 0:00:09]} Qxd5 {[%emt 0:00:00]} 27. Qh4 {[%emt 0:00:35]} e4 {[%emt 0:00:00]} 28. Qh6 {[%emt 0:01:08]} f6 {[%emt 0:00:00]} 29. fxg6 {[%emt 0:00:17]} Qd7 {[%emt 0:00:00]} 30. Bxf6 {[%emt 0:00:56]} e3 {[%emt 0:00:00]} 31. gxh7+ {[%emt 0:00:47]} Qxh7 {[%emt 0:00:00]} 32. Qg5+ {[%emt 0:00:12]} Kf7 {[%emt 0:00:00]} 33. Qxe3 {[%emt 0:00:05]} 1-0

[Event "Torneo Benidorm Gran Hotel Bali 2022"]
[Site "Benidorm, Spain"]
[Date "2022.12.10"]
[Round "9.4"]
[White "Pallardo Lozoya, Jose Vicente"]
[Black "Aguilera Lopez, Alejandro"]
[Result "1/2-1/2"]
[WhiteElo "2367"]
[BlackElo "2184"]
[PlyCount "56"]
[EventDate "2022.12.03"]
[EventType "swiss"]
[EventRounds "9"]
[SourceTitle "Ajedrez en Madrid"]
[Source "lmi"]
[SourceDate "2022.12.03"]
[SourceVersion "1"]
[SourceVersionDate "2022.12.10"]
[SourceQuality "1"]
[TimeControl "90+30"]
[WhiteClock "0:38:46"]
[BlackClock "1:04:32"]

1. e4 {[%emt 0:00:00]} c5 {[%emt 0:00:00]} 2. Nf3 {[%emt 0:00:00]} e6 {[%emt 0:00:00]} 3. d4 {[%emt 0:00:00]} cxd4 {[%emt 0:00:00]} 4. Nxd4 {[%emt 0:00:00]} Nf6 {[%emt 0:00:00]} 5. Nc3 {[%emt 0:00:00]} Nc6 {[%emt 0:00:00]} 6. Ndb5 {[%emt 0:00:00]} Bb4 {[%emt 0:00:00]} 7. a3 {[%emt 0:00:00]} Bxc3+ {[%emt 0:00:00]} 8. Nxc3 {[%emt 0:00:00]} d5 {[%emt 0:00:00]} 9. exd5 {[%emt 0:00:00]} exd5 {[%emt 0:00:00]} 10. Bd3 {[%emt 0:00:00]} O-O {[%emt 0:00:00]} 11. O-O {[%emt 0:00:00]} Bg4 {[%emt 0:00:00]} 12. f3 {[%emt 0:00:00]} Bh5 {[%emt 0:00:00]} 13. Bg5 {[%emt 0:00:00]} Qb6+ {[%emt 0:00:00]} 14. Kh1 {[%emt 0:00:00]} Ne4 {[%emt 0:00:00]} 15. Nxe4 {[%emt 0:00:00]} dxe4 {[%emt 0:00:00]} 16. Bxe4 {[%emt 0:00:00]} Qxb2 {[%emt 0:00:00]} 17. Rb1 {[%emt 0:00:00]} Qxa3 {[%emt 0:00:00]} 18. Rxb7 {[%emt 0:00:00]} Qa6 {[%emt 0:00:00]} 19. Rb1 {[%emt 0:00:00]} Bg6 {[%emt 0:00:00]} 20. Bd5 {[%emt 0:00:00]} Rac8 {[%emt 0:00:00]} 21. Qd2 {[%emt 0:00:00]} Qa5 {[%emt 0:00:00]} 22. Qxa5 {[%emt 0:00:00]} Nxa5 {[%emt 0:00:00]} 23. Rb5 {[%emt 0:00:00]} Nc4 {[%emt 0:00:00]} 24. Ra1 {[%emt 0:00:00]} Nb6 {[%emt 0:00:00]} 25. Rxa7 {[%emt 0:00:00]} Nxd5 {[%emt 0:00:00]} 26. Rxd5 {[%emt 0:00:00]} Rxc2 {[%emt 0:00:00]} 27. h4 {[%emt 0:00:00]} h5 {[%emt 0:00:00]} 28. Kh2 {[%emt 0:00:00]} Re8 {[%emt 0:00:00]} 1/2-1/2

[Event "Torneo Benidorm Gran Hotel Bali 2022"]
[Site "Benidorm, Spain"]
[Date "2022.12.10"]
[Round "9.5"]
[White "Gomez Carreno, Martin"]
[Black "Sos Andreu, Eric"]
[Result "1/2-1/2"]
[WhiteElo "2179"]
[BlackElo "2364"]
[PlyCount "91"]
[EventDate "2022.12.03"]
[EventType "swiss"]
[EventRounds "9"]
[SourceTitle "Ajedrez en Madrid"]
[Source "lmi"]
[SourceDate "2022.12.03"]
[SourceVersion "1"]
[SourceVersionDate "2022.12.10"]
[SourceQuality "1"]
[TimeControl "90+30"]
[WhiteClock "0:18:43"]
[BlackClock "0:42:14"]

1. e4 {[%emt 0:00:00]} c6 {[%emt 0:00:00]} 2. d4 {[%emt 0:00:00]} d5 {[%emt 0:00:00]} 3. e5 {[%emt 0:00:00]} Bf5 {[%emt 0:00:00]} 4. h4 {[%emt 0:00:00]} h5 {[%emt 0:00:00]} 5. c4 {[%emt 0:00:00]} e6 {[%emt 0:00:00]} 6. Nc3 {[%emt 0:00:00]} dxc4 {[%emt 0:00:00]} 7. Bxc4 {[%emt 0:00:00]} Nd7 {[%emt 0:00:00]} 8. Bg5 {[%emt 0:00:00]} Be7 {[%emt 0:00:00]} 9. Bxe7 {[%emt 0:00:00]} Nxe7 {[%emt 0:00:00]} 10. Nge2 {[%emt 0:00:00]} Qb6 {[%emt 0:00:00]} 11. Qb3 {[%emt 0:00:00]} Rd8 {[%emt 0:00:00]} 12. Rd1 {[%emt 0:00:00]} Qxb3 {[%emt 0:00:00]} 13. Bxb3 {[%emt 0:00:00]} O-O {[%emt 0:00:00]} 14. Ng3 {[%emt 0:00:00]} Bg6 {[%emt 0:00:00]} 15. O-O {[%emt 0:00:00]} Nb6 {[%emt 0:00:00]} 16. Rd2 {[%emt 0:00:00]} Nf5 {[%emt 0:00:00]} 17. Nxf5 {[%emt 0:00:00]} Bxf5 {[%emt 0:00:00]} 18. Rfd1 {[%emt 0:00:00]} Rd7 {[%emt 0:00:00]} 19. f3 {[%emt 0:00:00]} Rfd8 {[%emt 0:00:00]} 20. Kf2 {[%emt 0:00:00]} Rc7 {[%emt 0:00:00]} 21. Ke3 {[%emt 0:00:00]} a6 {[%emt 0:00:00]} 22. Ne4 {[%emt 0:00:00]} Kf8 {[%emt 0:00:00]} 23. Nd6 {[%emt 0:00:00]} Bg6 {[%emt 0:00:00]} 24. Rc1 {[%emt 0:00:00]} Nc8 {[%emt 0:00:00]} 25. Nxc8 {[%emt 0:00:00]} Rdxc8 {[%emt 0:00:00]} 26. f4 {[%emt 0:00:00]} Ke7 {[%emt 0:00:00]} 27. a3 {[%emt 0:00:00]} Bf5 {[%emt 0:00:00]} 28. Bd1 {[%emt 0:00:00]} g6 {[%emt 0:00:00]} 29. Bf3 {[%emt 0:00:00]} Rd7 {[%emt 0:00:00]} 30. Rc5 {[%emt 0:00:00]} Kd8 {[%emt 0:00:00]} 31. a4 {[%emt 0:00:00]} Kc7 {[%emt 0:00:00]} 32. a5 {[%emt 0:00:00]} Rcd8 {[%emt 0:00:00]} 33. b4 {[%emt 0:00:00]} Kb8 {[%emt 0:00:00]} 34. Rc1 {[%emt 0:00:00]} Ka7 {[%emt 0:00:00]} 35. Rc3 {[%emt 0:00:00]} Rc8 {[%emt 0:00:00]} 36. Ra2 {[%emt 0:00:26]} Rh8 {[%emt 0:00:00]} 37. Rc1 {[%emt 0:01:33]} Kb8 {[%emt 0:00:00]} 38. Rb2 {[%emt 0:00:48]} Rdd8 {[%emt 0:00:00]} 39. g3 {[%emt 0:01:24]} Rd7 {[%emt 0:00:00]} 40. Bg2 {[%emt 0:00:15]} Rhd8 {[%emt 0:00:00]} 41. Rd2 {[%emt 0:00:05]} Ka7 {[%emt 0:00:00]} 42. Bf3 {[%emt 0:00:31]} Bh3 {[%emt 0:00:00]} 43. Be4 {[%emt 0:00:30]} Bf5 {[%emt 0:00:00]} 44. Bf3 {[%emt 0:00:08]} Bh3 {[%emt 0:00:00]} 45. Be4 {[%emt 0:00:04]} Bf5 {[%emt 0:00:00]} 46. Bf3 {[%emt 0:00:03]} 1/2-1/2

[Event "Torneo Benidorm Gran Hotel Bali 2022"]
[Site "Benidorm, Spain"]
[Date "2022.12.10"]
[Round "9.6"]
[White "Centeno Mendoza, Julio Stefano"]
[Black "Mingarro Carceller, Sergi"]
[Result "0-1"]
[WhiteElo "2099"]
[BlackElo "2330"]
[PlyCount "102"]
[EventDate "2022.12.03"]
[EventType "swiss"]
[EventRounds "9"]
[SourceTitle "Ajedrez en Madrid"]
[Source "lmi"]
[SourceDate "2022.12.03"]
[SourceVersion "1"]
[SourceVersionDate "2022.12.10"]
[SourceQuality "1"]
[TimeControl "90+30"]
[WhiteClock "0:15:07"]
[BlackClock "0:15:57"]

1. e4 {[%emt 0:00:00]} c5 {[%emt 0:00:00]} 2. c3 {[%emt 0:00:00]} Nf6 {[%emt 0:00:00]} 3. e5 {[%emt 0:00:00]} Nd5 {[%emt 0:00:00]} 4. Bc4 {[%emt 0:00:00]} Nb6 {[%emt 0:00:00]} 5. Bb3 {[%emt 0:00:00]} c4 {[%emt 0:00:00]} 6. Bc2 {[%emt 0:00:00]} g6 {[%emt 0:00:00]} 7. Nf3 {[%emt 0:00:00]} Bg7 {[%emt 0:00:00]} 8. O-O {[%emt 0:00:00]} Nc6 {[%emt 0:00:00]} 9. Re1 {[%emt 0:00:00]} d6 {[%emt 0:00:00]} 10. exd6 {[%emt 0:00:00]} Qxd6 {[%emt 0:00:00]} 11. h3 {[%emt 0:00:00]} O-O {[%emt 0:00:00]} 12. b3 {[%emt 0:00:00]} Be6 {[%emt 0:00:00]} 13. Na3 {[%emt 0:00:00]} Nb4 {[%emt 0:00:00]} 14. Nb5 {[%emt 0:00:00]} Qd7 {[%emt 0:00:00]} 15. Nbd4 {[%emt 0:00:00]} Nxc2 {[%emt 0:00:00]} 16. Qxc2 {[%emt 0:00:00]} Bd5 {[%emt 0:00:00]} 17. Ba3 {[%emt 0:00:00]} Rfe8 {[%emt 0:00:00]} 18. Ne5 {[%emt 0:00:00]} Qc7 {[%emt 0:00:00]} 19. Nxc4 {[%emt 0:00:00]} Nxc4 {[%emt 0:00:00]} 20. bxc4 {[%emt 0:00:00]} Bxc4 {[%emt 0:00:00]} 21. Nb3 {[%emt 0:00:00]} Rad8 {[%emt 0:00:00]} 22. d4 {[%emt 0:00:00]} Rc8 {[%emt 0:00:00]} 23. Rac1 {[%emt 0:00:00]} Bd5 {[%emt 0:00:00]} 24. Qd2 {[%emt 0:00:00]} b6 {[%emt 0:00:00]} 25. Qg5 {[%emt 0:00:00]} e6 {[%emt 0:00:00]} 26. Qd2 {[%emt 0:00:00]} Red8 {[%emt 0:00:00]} 27. Qe3 {[%emt 0:00:00]} Rd7 {[%emt 0:00:00]} 28. Bb2 {[%emt 0:00:00]} Qc6 {[%emt 0:00:00]} 29. Nd2 {[%emt 0:00:00]} Qb5 {[%emt 0:00:00]} 30. c4 {[%emt 0:00:00]} Qxb2 {[%emt 0:00:00]} 31. Rb1 {[%emt 0:00:00]} Qxd4 {[%emt 0:00:00]} 32. cxd5 {[%emt 0:00:00]} Qxe3 {[%emt 0:00:00]} 33. Rxe3 {[%emt 0:00:00]} Rxd5 {[%emt 0:00:00]} 34. Ne4 {[%emt 0:00:00]} Rc2 {[%emt 0:00:00]} 35. a3 {[%emt 0:00:00]} Bd4 {[%emt 0:00:00]} 36. Rf3 {[%emt 0:00:09]} Kg7 {[%emt 0:00:00]} 37. Kf1 {[%emt 0:01:27]} h6 {[%emt 0:00:00]} 38. Rd1 {[%emt 0:00:17]} f5 {[%emt 0:00:00]} 39. Ng3 {[%emt 0:00:06]} Bc5 {[%emt 0:00:12]} 40. Re1 {[%emt 0:01:47]} e5 {[%emt 0:01:15]} 41. Ne2 {[%emt 0:00:18]} Rdd2 {[%emt 0:01:12]} 42. Rb3 {[%emt 0:02:00]} Ra2 {[%emt 0:00:49]} 43. g3 {[%emt 0:00:10]} Bxa3 {[%emt 0:00:43]} 44. Re3 {[%emt 0:01:50]} Kf6 {[%emt 0:02:22]} 45. g4 {[%emt 0:01:22]} Bc5 {[%emt 0:00:45]} 46. Rb3 {[%emt 0:00:12]} f4 {[%emt 0:00:41]} 47. h4 {[%emt 0:00:27]} a5 {[%emt 0:00:41]} 48. f3 {[%emt 0:00:18]} Rac2 {[%emt 0:00:40]} 49. h5 {[%emt 0:01:12]} gxh5 {[%emt 0:00:31]} 50. gxh5 {[%emt 0:00:04]} a4 {[%emt 0:00:17]} 51. Rb5 {[%emt 0:00:14]} a3 {[%emt 0:00:55]} 0-1

[Event "Torneo Benidorm Gran Hotel Bali 2022"]
[Site "Benidorm, Spain"]
[Date "2022.12.10"]
[Round "9.7"]
[White "Chia, Yu Zhe Ashton"]
[Black "Remolar Gallen, Jose"]
[Result "1/2-1/2"]
[WhiteElo "1970"]
[BlackElo "2305"]
[PlyCount "110"]
[EventDate "2022.12.03"]
[EventType "swiss"]
[EventRounds "9"]
[SourceTitle "Ajedrez en Madrid"]
[Source "lmi"]
[SourceDate "2022.12.03"]
[SourceVersion "1"]
[SourceVersionDate "2022.12.10"]
[SourceQuality "1"]
[TimeControl "90+30"]
[WhiteClock "0:00:57"]
[BlackClock "0:08:55"]

1. e4 {[%emt 0:00:00]} c5 {[%emt 0:00:00]} 2. c3 {[%emt 0:00:00]} Nf6 {[%emt 0:00:00]} 3. e5 {[%emt 0:00:00]} Nd5 {[%emt 0:00:00]} 4. d4 {[%emt 0:00:00]} cxd4 {[%emt 0:00:00]} 5. Nf3 {[%emt 0:00:00]} Nc6 {[%emt 0:00:00]} 6. cxd4 {[%emt 0:00:00]} d6 {[%emt 0:00:00]} 7. Bc4 {[%emt 0:00:00]} Nb6 {[%emt 0:00:00]} 8. Bb5 {[%emt 0:00:00]} dxe5 {[%emt 0:00:00]} 9. Nxe5 {[%emt 0:00:00]} Bd7 {[%emt 0:00:00]} 10. Nxd7 {[%emt 0:00:00]} Qxd7 {[%emt 0:00:00]} 11. Nc3 {[%emt 0:00:00]} e6 {[%emt 0:00:00]} 12. O-O {[%emt 0:00:00]} Be7 {[%emt 0:00:00]} 13. Qg4 {[%emt 0:00:00]} O-O {[%emt 0:00:00]} 14. Bxc6 {[%emt 0:00:00]} bxc6 {[%emt 0:00:00]} 15. Bh6 {[%emt 0:00:00]} Bf6 {[%emt 0:00:00]} 16. Rad1 {[%emt 0:00:00]} Kh8 {[%emt 0:00:00]} 17. Ne4 {[%emt 0:00:00]} Qd8 {[%emt 0:00:00]} 18. Bf4 {[%emt 0:00:00]} Be7 {[%emt 0:00:00]} 19. Qg3 {[%emt 0:00:00]} Nd5 {[%emt 0:00:00]} 20. Be5 {[%emt 0:00:00]} f6 {[%emt 0:04:18]} 21. Bd6 {[%emt 0:00:00]} f5 {[%emt 0:00:00]} 22. Be5 {[%emt 0:00:00]} Rf7 {[%emt 0:00:00]} 23. Nc5 {[%emt 0:00:00]} f4 {[%emt 0:00:00]} 24. Qg4 {[%emt 0:00:00]} Bxc5 {[%emt 0:00:00]} 25. dxc5 {[%emt 0:00:00]} f3 {[%emt 0:00:00]} 26. gxf3 {[%emt 0:00:00]} Qe7 {[%emt 0:00:00]} 27. Bd6 {[%emt 0:00:00]} Qf6 {[%emt 0:00:00]} 28. Rfe1 {[%emt 0:00:00]} Re8 {[%emt 0:00:00]} 29. b4 {[%emt 0:00:00]} Rb7 {[%emt 0:00:00]} 30. Be5 {[%emt 0:00:00]} Qg6 {[%emt 0:00:00]} 31. Qxg6 {[%emt 0:00:00]} hxg6 {[%emt 0:00:00]} 32. a3 {[%emt 0:00:00]} a5 {[%emt 0:00:00]} 33. bxa5 {[%emt 0:00:00]} Ra8 {[%emt 0:00:00]} 34. Bd6 {[%emt 0:00:00]} Rxa5 {[%emt 0:00:00]} 35. Rxe6 {[%emt 0:00:00]} Rxa3 {[%emt 0:00:00]} 36. Bg3 {[%emt 0:01:59]} Rc3 {[%emt 0:00:00]} 37. Rxc6 {[%emt 0:00:52]} Ne7 {[%emt 0:00:00]} 38. Rb6 {[%emt 0:02:34]} Ra7 {[%emt 0:00:00]} 39. Re1 {[%emt 0:08:19]} Rxc5 {[%emt 0:00:00]} 40. Rbe6 {[%emt 0:01:17]} Nf5 {[%emt 0:00:00]} 41. Rxg6 {[%emt 0:00:21]} Rf7 {[%emt 0:00:00]} 42. Rg5 {[%emt 0:05:17]} Kh7 {[%emt 0:00:00]} 43. Re6 {[%emt 0:00:34]} Rc3 {[%emt 0:00:59]} 44. Rh5+ {[%emt 0:00:47]} Nh6 {[%emt 0:00:30]} 45. Re3 {[%emt 0:00:32]} Rxf3 46. Re7 Kg6 47. Ra5 Rc6 48. Re4 Rf5 49. Ra8 Rcf6 50. Kg2 Kh7 51. f4 {[%emt 0:03:28]} Nf7 {[%emt 0:04:19]} 52. Re7 {[%emt 0:12:05]} Nd6 {[%emt 0:07:12]} 53. Rd8 {[%emt 0:00:00]} Ra5 {[%emt 0:01:53]} 54. Rdd7 {[%emt 0:00:00]} Nf5 {[%emt 0:00:30]} 55. Re2 {[%emt 0:00:00]} Ra3 {[%emt 0:00:24]} 1/2-1/2